01690nam a2200349 a 4500001001000000005001700010008004100027041000800068044000800076084002000084100005000104245012300154260003000277300002200307500017100329500016300500500005200663500008600715500001000801546002400811650005700835650006100892650003900953650005000992700004501042700005501087740005001142902000801192942001101200999001501211952011401226BRCA_319820190320204146.0180209s1731----enka---###---#000-0#eng-u aeng aenk a499b.W36c17311 aCervantes Saavedra, Miguel ded1547-1616921310aThe History of the Valorous and Witty Knight-Errant Don Quixote de la Manchacwritten in spanish by Michael Cervantes. aLondresbJ. Walthoec1731 a4 v.bil.c17 cm. aContenido : v 1. Primera parte. Dedicatoria del traductor. Versos preliminares. Prólogo del autor. Texto. -- v 2. Texto. -- v 3. Segunda parte. Texto. -- v 4. Texto aEdición : Traslated into English by Thomas Shelton and now Print Verbatim from the 4a ed. of 1620. With a Curios sett of New Cuts, from the French of Coypel aEjemplar igual al LO-498. Piel Lúdovik Osterc aEstado físico : El volumen 1 de esta edición presenta la cubierta desprendida aQM407 aTexto en : inglés14aNovela españolayÉpoca clásica, 1500-1700921514aLiteratura españolayÉpoca clásica, 1500-1700921614aNovela españolaySiglo XVII921714aDon Quijote (Personaje ficticio)eNovela92181 aShelton, Thomasd?-1626eTraductor985691 aCoypel, Charles-Antoned1694-1752eTraductor985700 aEl Ingenioso Hidalgo Don Quijote de la Mancha aQFM 2lcccB c2934d2934 00104070aBRCAbBRCAd2009-02-18iQM407l0o499 .W36 1731 (QM407)p3195r2019-03-22 00:00:00w2019-03-22yB